=LDR 00000nam 2200000 4500 =001 INLIS000000000047991 =005 20160324153754.0 =006 =007 =008 =020 ##$$a 979-9183-08-1 =035 ##$$0010-031600000000104 =082 ##$$a 2x0 =100 ##$$a thanthawi,syikh ali =245 ##$$a fatwa-fatwa populer =250 ##$$a cet.1 =260 ##$$a surakarta $b era intermedia $c 1998 =300 ##$$a 348 hlm $c 17 cm =850 ##$$aNBPNMAT =990 ##$$a 0001/BPAP-NTB/2016